NLSUI OPAC header image

The law of social security (Record no. 26912)

MARC details
000 -LEADER
fixed length control field 00439nam a2200157Ia 4500
008 - FIXED-LENGTH DATA ELEMENTS--GENERAL INFORMATION
fixed length control field 160316s2008 xxu||||| |||| 00| 0 eng d
082 ## - DEWEY DECIMAL CLASSIFICATION NUMBER
Classification number 344.030000
Item number WIK
100 ## - MAIN ENTRY--PERSONAL NAME
Personal name Wikeley N J
245 ## - TITLE STATEMENT
Title The law of social security
250 ## - EDITION STATEMENT
Edition statement 5th
260 ## - PUBLICATION, DISTRIBUTION, ETC.
Place of publication, distribution, etc. Oxford
Name of publisher, distributor, etc. Oxford University Press
Date of publication, distribution, etc. 2008
300 ## - PHYSICAL DESCRIPTION
Extent 805p
Other physical details
Dimensions cxxiii
365 ## - TRADE PRICE
Price amount Rs. 3,557
650 ## - SUBJECT ADDED ENTRY--TOPICAL TERM
Topical term or geographic name entry element 1. Social Security - Law & Legislation - U K
700 ## - ADDED ENTRY--PERSONAL NAME
Personal name Ogus A I
-- Barendt
Holdings
Withdrawn status Lost status Damaged status Not for loan Home library Current library Shelving location Date acquired Cost, normal purchase price Total Checkouts Full call number Barcode Date last seen Price effective from Koha item type
        NLS NLS   30/05/2017 3557.00   344.03 WIK 24431 30/05/2017 30/05/2017 BOOKs